LEADER 01040cam0-2200349---450 001 990002898560203316 005 20210121120628.0 010 $a88-7989-980-5 035 $a000289856 035 $aUSA01000289856 035 $a(ALEPH)000289856USA01 035 $a000289856 100 $a20070410d2005----|||y0itay0103----ba 101 0 $aita 102 $aIT 105 $a||||||||001yy 200 1 $a<> selvaggio gentiluomo$el'incredibile storia di Pedro Gonzales e dei suoi figli$fRoberto Zapperi 210 $aRoma$cDonzelli$d2005 215 $aVII, 181 p., [16] p. di tav.$cill.$d22 cm 225 2 $aSaggi$iStoria e scienze sociali 410 0$a12001$aSaggi$iStoria e scienze sociali 454 1 $12001 600 $aGonzales,$bPedro$xBiografie 676 $a946.043092 700 1$aZAPPERI,$bRoberto$0165762 801 $aIT$bSALBC$gISBD 912 $a990002898560203316 951 $aX.2.B. 1565$b191330 L.M.$cX.2.$d00127802 959 $aBK 969 $aUMA 996 $aSelvaggio gentiluomo$91488031 997 $aUNISA LEADER 02064 am 2200589 n 450 001 9910495997103321 005 20200130 010 $a979-1-03-510384-2 024 7 $a10.4000/books.psorbonne.47756 035 $a(CKB)5590000000429697 035 $a(FrMaCLE)OB-psorbonne-47756 035 $a(oapen)https://directory.doabooks.org/handle/20.500.12854/85915 035 $a(PPN)267969880 035 $a(EXLCZ)995590000000429697 100 $a20201209j|||||||| ||| 0 101 0 $afre 135 $auu||||||m|||| 181 $ctxt$2rdacontent 182 $cc$2rdamedia 183 $acr$2rdacarrier 200 14$aLes ouvriers en U.R.S.S. $e1928-1941 /$fJean-Paul Depretto 210 $aParis $cÉditions de la Sorbonne$d2020 215 $a1 online resource (424 p.) 225 1 $aInternationale 311 $a2-85944-320-7 330 $aEntre 1928 et 1941, les effectifs de la classe ouvrière en U.R.S.S. ont connu une croissance sans précédent : ils ont presque triplé. Encore ne s?agit-il que des travailleurs libres, il faudrait y ajouter les détenus du Goulag dont le nombre augmente considéra­blement durant cette période. 606 $aWorking class$zSoviet Union$xHistory 606 $aLabor supply$zSoviet Union$xHistory 606 $aLabor unions$zSoviet Union$xHistory 607 $aSoviet Union$xEconomic conditions$y1917-1945 610 $aouvrier 610 $aURSS 610 $aclasse ouvrière 610 $agoulag 610 $amonde paysan 610 $ausine 610 $aindustrie cotonnière 610 $asidérurgie 610 $aprolétariat 610 $agrève 615 0$aWorking class$xHistory. 615 0$aLabor supply$xHistory. 615 0$aLabor unions$xHistory. 700 $aDepretto$b Jean-Paul$01233562 701 $aEhrenbourg$b Ilya$01323255 701 $aFrankfur$b S.M$01323256 701 $aGirault$b René$0410297 801 0$bFR-FrMaCLE 906 $aBOOK 912 $a9910495997103321 996 $aLes ouvriers en U.R.S.S$93035435 997 $aUNINA LEADER 04953oam 22012734 450 001 9910788226903321 005 20230721045721.0 010 $a1-4623-4466-6 010 $a1-4518-7349-2 010 $a9786612844096 010 $a1-4527-6923-0 010 $a1-282-84409-1 035 $a(CKB)3170000000055349 035 $a(SSID)ssj0000940071 035 $a(PQKBManifestationID)11491949 035 $a(PQKBTitleCode)TC0000940071 035 $a(PQKBWorkID)10946531 035 $a(PQKB)11326867 035 $a(OCoLC)648819742 035 $a(MiAaPQ)EBC1608830 035 $a(IMF)WPIEE2009202 035 $a(EXLCZ)993170000000055349 100 $a20020129d2009 uf 0 101 0 $aeng 135 $aurcn||||||||| 181 $ctxt 182 $cc 183 $acr 200 10$aBenchmark Priors Revisited : $eOn Adaptive Shrinkage and the Supermodel Effect in Bayesian Model Averaging /$fMartin Feldkircher, Stefan Zeugner 210 1$aWashington, D.C. :$cInternational Monetary Fund,$d2009. 215 $a39 p. $ccol. ill 225 1 $aIMF Working Papers 300 $a"September 2009." 311 $a1-4519-1771-6 320 $aIncludes bibliographical references. 330 3 $aDefault prior choices fixing Zellner's g are predominant in the Bayesian Model Averaging literature, but tend to concentrate posterior mass on a tiny set of models. The paper demonstrates this supermodel effect and proposes to address it by a hyper-g prior, whose data-dependent shrinkage adapts posterior model distributions to data quality. Analytically, existing work on the hyper-g-prior is complemented by posterior expressions essential to fully Bayesian analysis and to sound numerical implementation. A simulation experiment illustrates the implications for posterior inference. Furthermore, an application to determinants of economic growth identifies several covariates whose robustness differs considerably from previous results. 410 0$aIMF Working Papers; Working Paper ;$vNo. 2009/202 606 $aBayesian statistical decision theory 606 $aEconomic development$xMathematical models 606 $aEconometrics$2imf 606 $aInflation$2imf 606 $aLabor$2imf 606 $aPublic Finance$2imf 606 $aData Processing$2imf 606 $aBayesian Analysis: General$2imf 606 $aData Collection and Data Estimation Methodology$2imf 606 $aComputer Programs: General$2imf 606 $aNational Government Expenditures and Related Policies: Infrastructures$2imf 606 $aOther Public Investment and Capital Stock$2imf 606 $aHuman Capital$2imf 606 $aSkills$2imf 606 $aOccupational Choice$2imf 606 $aLabor Productivity$2imf 606 $aPrice Level$2imf 606 $aDeflation$2imf 606 $aBayesian inference$2imf 606 $aData capture & analysis$2imf 606 $aPublic finance & taxation$2imf 606 $aLabour$2imf 606 $aincome economics$2imf 606 $aMacroeconomics$2imf 606 $aBayesian models$2imf 606 $aData processing$2imf 606 $aPublic investment and public-private partnerships (PPP)$2imf 606 $aHuman capital$2imf 606 $aEconometric models$2imf 606 $aElectronic data processing$2imf 606 $aPublic-private sector cooperation$2imf 606 $aPrices$2imf 615 0$aBayesian statistical decision theory. 615 0$aEconomic development$xMathematical models. 615 7$aEconometrics 615 7$aInflation 615 7$aLabor 615 7$aPublic Finance 615 7$aData Processing 615 7$aBayesian Analysis: General 615 7$aData Collection and Data Estimation Methodology 615 7$aComputer Programs: General 615 7$aNational Government Expenditures and Related Policies: Infrastructures 615 7$aOther Public Investment and Capital Stock 615 7$aHuman Capital 615 7$aSkills 615 7$aOccupational Choice 615 7$aLabor Productivity 615 7$aPrice Level 615 7$aDeflation 615 7$aBayesian inference 615 7$aData capture & analysis 615 7$aPublic finance & taxation 615 7$aLabour 615 7$aincome economics 615 7$aMacroeconomics 615 7$aBayesian models 615 7$aData processing 615 7$aPublic investment and public-private partnerships (PPP) 615 7$aHuman capital 615 7$aEconometric models 615 7$aElectronic data processing 615 7$aPublic-private sector cooperation 615 7$aPrices 700 $aFeldkircher$b Martin$01509596 701 $aZeugner$b Stefan$01509597 712 02$aInternational Monetary Fund.$bFinance Dept. 801 0$bDcWaIMF 906 $aBOOK 912 $a9910788226903321 996 $aBenchmark Priors Revisited$93741573 997 $aUNINA